[Event "Dresden ZMD op"]
[Site "Dresden"]
[Date "2010.07.18"]
[Round "9"]
[White "Kuelzer, Marius"]
[Black "Konau, Ingo"]
[Result "0-1"]
[WhiteElo "1825"]
[BlackElo "1830"]
[PlyCount "119"]
[EventDate "2010.07.10"]
[EventType "swiss"]
[EventRounds "9"]
[EventCountry "GER"]
[SourceTitle "CBM 137 Extra"]
[Source "ChessBase"]
[SourceDate "2010.09.01"]
[SourceVersion "1"]
[SourceVersionDate "2010.09.01"]
[SourceQuality "1"]

1. e4 d5 2. exd5 Qxd5 3. Nc3 Qa5 4. d4 Nf6 5. Bd2 c6 6. Nf3 Bf5 7. Ne5 Nbd7 8. Ne4 Qc7 9. Nxf6+ gxf6 10. Nxd7 Qxd7 11. c3 0-0-0 12. Qa4 Kb8 13. 0-0-0 e6 14. Be3 b5 15. Qb3 Qd5 16. c4 Qd7 17. Be2 Qb7 18. Bf4+ Bd6 19. Bxd6+ Rxd6 20. Qg3 Qc7 21. Qg7 Rhd8 22. Qxf6 Qa5 23. Qe5 Ka8 24. c5 Rd5 25. Qe3 Qxa2 26. Bd3 Bxd3 27. Qxd3 Rxc5+ 28. Kd2 e5 29. dxc5 Rxd3+ 30. Kxd3 Qxb2 31. Ke4 Qc2+ 32. Kxe5 Qxc5+ 33. Ke4 a5 34. Rd8+ Kb7 35. Rhd1 Qc2+ 36. Ke3 a4 37. R1d7+ Kb6 38. Rb8+ Kc5 39. Rc7 Qb3+ 40. Kd2 a3 41. Rbc8 Qd5+ 42. Kc2 Qe4+ 43. Kb3 Qc4+ 44. Kxa3 b4+ 45. Kb2 Qc3+ 46. Kb1 Qe1+ 47. Ka2 Qxf2+ 48. Kb3 Qe3+ 49. Kb2 Qc3+ 50. Kb1 Qe1+ 51. Kb2 Qd2+ 52. Kb1 Kc4 53. Rxc6+ Kb3 54. Rc2 Qd1+ 55. Rc1 Qd5 56. g3 Ka3 57. Kc2 b3+ 58. Kc3 b2 59. Rb1 Qb3+ 60. Kd2 0-1

[Event "Dresden ZMD op"]
[Site "Dresden"]
[Date "2010.07.10"]
[Round "1"]
[White "Hoffmann, Paul"]
[Black "Konau, Ingo"]
[Result "1-0"]
[WhiteElo "2382"]
[BlackElo "1830"]
[PlyCount "35"]
[EventDate "2010.07.10"]
[EventType "swiss"]
[EventRounds "9"]
[EventCountry "GER"]
[SourceTitle "CBM 137 Extra"]
[Source "ChessBase"]
[SourceDate "2010.09.01"]
[SourceVersion "1"]
[SourceVersionDate "2010.09.01"]
[SourceQuality "1"]

1. e4 d5 2. exd5 Qxd5 3. Nc3 Qa5 4. d4 Nf6 5. Bc4 c6 6. Bd2 Bf5 7. Nf3 e6 8. Nd5 Qd8 9. Nxf6+ gxf6 10. 0-0 Qc7 11. Nh4 Bg6 12. Qf3 Nd7 13. Qh3 Rg8 14. Bxe6 0-0-0 15. Nxg6 fxe6 16. Nf4 Re8 17. Nxe6 Qd6 18. Rae1 1-0

[Event "Dresden ZMD op"]
[Site "Dresden"]
[Date "2009.07.25"]
[Round "1"]
[White "Breder, Dennis"]
[Black "Konau, Ingo"]
[Result "1-0"]
[WhiteElo "2435"]
[BlackElo "1854"]
[PlyCount "63"]
[EventDate "2009.07.25"]
[EventType "swiss"]
[EventRounds "9"]
[EventCountry "GER"]
[SourceTitle "CBM 131 Extra"]
[Source "ChessBase"]
[SourceDate "2009.09.03"]
[SourceVersion "2"]
[SourceVersionDate "2009.09.16"]
[SourceQuality "1"]

1. e4 d5 2. exd5 Qxd5 3. Nc3 Qa5 4. d4 Nf6 5. Bd2 c6 6. Bc4 Bf5 7. Qe2 e6 8. d5 cxd5 9. Nxd5 Qd8 10. Nxf6+ gxf6 11. 0-0-0 Qc7 12. g4 Bg6 13. Bc3 Nd7 14. h4 h5 15. g5 0-0-0 16. Nf3 Be7 17. Kb1 Rhe8 18. Bb5 a6 19. Bxd7+ Rxd7 20. Rxd7 Qxd7 21. gxf6 Bd6 22. Be5 Bxe5 23. Nxe5 Qd8 24. Rd1 Qc7 25. Rd4 Kb8 26. f4 Rd8 27. Rxd8+ Qxd8 28. Nxg6 Qxf6 29. Qe5+ Qxe5 30. Nxe5 Kc7 31. Nxf7 Kc6 32. Ng5 1-0

[Event "Dresden ZMD op"]
[Site "Dresden"]
[Date "2008.07.19"]
[Round "1"]
[White "Konau, Ingo"]
[Black "Kunz, Konstantin"]
[Result "0-1"]
[WhiteElo "1820"]
[BlackElo "2231"]
[PlyCount "86"]
[EventDate "2008.07.19"]
[EventType "swiss"]
[EventRounds "9"]
[EventCountry "GER"]
[SourceTitle "CBM 125 Extra"]
[Source "ChessBase"]
[SourceDate "2008.09.01"]
[SourceVersion "1"]
[SourceVersionDate "2008.09.01"]
[SourceQuality "1"]

1. e4 c5 2. Nf3 Nc6 3. d4 cxd4 4. Nxd4 e6 5. Nc3 Qc7 6. Be3 a6 7. Qd2 Nf6 8. Be2 Bb4 9. f3 d5 10. Nxc6 bxc6 11. a3 Bd6 12. exd5 cxd5 13. g4 Rb8 14. 0-0-0 0-0 15. g5 Nh5 16. Nb1 Bb7 17. c3 e5 18. Qc2 Rfc8 19. Rd2 Qa5 20. b4 Qc7 21. Rhd1 Qe7 22. Qb3 Nf4 23. Bxf4 exf4 24. h4 a5 25. b5 a4 26. Qa2 Qe3 27. Kc2 Be5 28. c4 g6 29. h5 gxh5 30. Bd3 dxc4 31. Bf5 Bxf3 32. Rf1 Be4+ 33. Bxe4 Qxe4+ 34. Kd1 Rxb5 35. Rc2 Qd3+ 36. Ke1 c3 37. Kf2 Qg3+ 38. Ke2 Qe3+ 39. Kd1 Rd8+ 40. Nd2 Rxd2+ 41. Rxd2 cxd2 42. g6 hxg6 43. Rh1 Qf3+ 0-1